[Event "Pohar mesta Ricany 2010 - cena Klidneho mesta"]
[Site "http://www.openricany.cz"]
[Date "2010.08.27"]
[Round "8.16"]
[White "Hrdina, Robin"]
[Black "Pechacek, Stanislav"]
[Result "1-0"]
[WhiteElo "1878"]
[BlackElo "2131"]

1. e4 e6 2. d4 d5 3. exd5 exd5 4. Bd3 Nc6 5. Nf3 Bg4 6. c3 Qd7 7. O-O O-O-O
8. b4 f6 9. a4 Bd6 10. Nbd2 Nge7 11. Nb3 Ng6 12. b5 Nce7 13. a5 Nh4 14. Nbd2
Neg6 15. b6 a6 16. g3 Bh3 17. Nxh4 Nxh4 18. gxh4 g5 19. h5 Rhe8 20. Nb3 Bg4
21. f3 Bxh5 22. Qc2 Bg6 23. Nc5 Qh3 24. Qg2 Qh4 25. Qg4+ Qxg4+ 26. fxg4 Bxc5
27. Bxg6 Bxd4+ 28. cxd4 hxg6 29. bxc7 Kxc7 30. Rxf6 Re4 31. h3 Rh8 32. Bxg5 Rxh3
33. Rc1+ Kd7 34. Rf7+ Ke6 1-0

[Event "Pohar mesta Ricany 2010 - cena Klidneho mesta"]
[Site "http://www.openricany.cz"]
[Date "2010.08.27"]
[Round "8.41"]
[White "Sedivy, Ondrej"]
[Black "Hadrava, Jaroslav"]
[Result "0-1"]
[WhiteElo "1717"]
[BlackElo "1908"]

1. c4 e5 2. Nc3 Nc6 3. g3 f5 4. Bg2 Nf6 5. e3 Bc5 6. Nge2 a6 7. d4 Ba7 8. dxe5
Nxe5 9. b3 d6 10. O-O O-O 11. Bb2 Nfg4 12. Nd4 Qg5 13. Nd5 c6 14. Nf4 Qh6 15. h3
Nf6 16. Nde6 Bxe6 17. Nxe6 Ne4 18. Bxe4 Qxe6 19. Bg2 Nd7 20. Qd2 Nf6 21. Rfd1
Rad8 22. Qc3 Rd7 23. Rd3 Ne4 24. Bxe4 fxe4 25. Rd2 Rf3 26. Kg2 Rdf7 27. Re1 Bb8
28. Ree2 Qg6 29. Qc2 d5 30. Kg1 Rxg3+ 31. fxg3 Qxg3+ 32. Rg2 Qe1# 0-1

[Event "Pohar mesta Ricany 2010 - cena Klidneho mesta"]
[Site "http://www.openricany.cz"]
[Date "2010.08.27"]
[Round "8.22"]
[White "Skacel, Jan"]
[Black "Fiala, Jan"]
[Result "1/2-1/2"]
[WhiteElo "2073"]
[BlackElo "1984"]

1. d4 Nf6 2. c4 e5 3. dxe5 Ng4 4. Nf3 Bc5 5. e3 Nc6 6. Be2 Ngxe5 7. O-O O-O
8. Nxe5 Nxe5 9. Nc3 Kh8 10. b3 a6 11. Bb2 d6 12. Qc2 Re8 13. Rad1 Bd7 14. Nd5
Re6 15. g3 Qc8 16. Qc3 c6 17. Nf4 Rh6 18. Nd3 f6 19. Nxe5 dxe5 20. f3 Bh3
21. Rf2 Bf5 22. b4 Be7 23. e4 Be6 24. Bc1 Rh5 25. Bf1 g5 26. a3 Rh6 27. Be3 c5
28. Rb1 Rb8 29. b5 Ra8 30. Rfb2 a5 31. a4 b6 32. Rd1 Qc7 33. Rf2 1/2-1/2

[Event "Pohar mesta Ricany 2010 - cena Klidneho mesta"]
[Site "http://www.openricany.cz"]
[Date "2010.08.27"]
[Round "8.35"]
[White "Cerny, Michal"]
[Black "Krejci, Martin"]
[Result "1/2-1/2"]
[WhiteElo "1947"]
[BlackElo "1804"]

1. e4 e5 2. Nf3 Nc6 3. d4 exd4 4. Nxd4 Nf6 5. Nxc6 bxc6 6. e5 Qe7 7. Qe2 Nd5
8. c4 Nb6 9. g3 Ba6 10. b3 Qe6 11. Bb2 Bb4+ 12. Nd2 O-O 13. O-O-O Rab8 14. f4 d5
15. exd6 Qxe2 16. Bxe2 cxd6 17. Bf3 d5 18. cxd5 cxd5 19. Nf1 Rbc8+ 20. Kb1 Rfe8
21. Bg4 Rc7 22. Be5 Rce7 23. Nd2 f6 24. Bd4 Bd3+ 25. Ka1 Be2 26. Bxe2 Rxe2
27. Nf3 Rc2 28. Ne1 Rd2 1/2-1/2

[Event "Pohar mesta Ricany 2010 - cena Klidneho mesta"]
[Site "http://www.openricany.cz"]
[Date "2010.08.27"]
[Round "8.10"]
[White "Wasserbauer, Radek"]
[Black "Misicko, Jan"]
[Result "1-0"]
[WhiteElo "2066"]
[BlackElo "2006"]

1. e4 e5 2. Nf3 Nc6 3. Bc4 Nf6 4. Ng5 d5 5. exd5 b5 6. dxc6 bxc4 7. Qe2 Qd5
8. O-O Bd6 9. Nc3 Qxc6 10. b4 cxb3 11. axb3 O-O 12. Nge4 Nxe4 13. Qxe4 Bb7
14. Qxc6 Bxc6 15. Ba3 Rfd8 16. d3 a5 17. Bxd6 cxd6 18. Ra2 Rdc8 19. Rfa1 Kf8
20. Nd1 Bd7 21. Ne3 Be6 22. Rxa5 Rxa5 23. Rxa5 d5 24. Kf1 d4 25. Nc4 f6 26. Ra7
e4 27. Ke2 Bf5 28. dxe4 Bxe4 29. Kd2 Rd8 30. f3 Bg6 31. Nb2 Rc8 32. Nd3 Rc3
33. Rb7 Bxd3 34. cxd3 h5 35. b4 Rb3 36. b5 Rb2+ 37. Kc1 Rxg2 38. b6 Rg5 39. Rd7
1-0

[Event "Pohar mesta Ricany 2010 - cena Klidneho mesta"]
[Site "http://www.openricany.cz"]
[Date "2010.08.27"]
[Round "8.33"]
[White "Halla, Jiri"]
[Black "Luzikova, Nicola"]
[Result "1-0"]
[WhiteElo "1912"]
[BlackElo "1740"]

1. e4 d5 2. exd5 Nf6 3. d4 Nxd5 4. Nf3 Bg4 5. Be2 e6 6. O-O Be7 7. c4 Nb6
8. Ne5 Bxe2 9. Qxe2 O-O 10. Be3 N8d7 11. f4 c6 12. Nc3 Qc7 13. Rad1 f6 14. Nxd7
Qxd7 15. b3 Rad8 16. Qg4 Rfe8 17. Qg3 Qc7 18. Ne4 Nd7 19. Qh3 Bf8 20. Qg3 Kh8
21. Rd2 c5 22. Rfd1 cxd4 23. Bxd4 Bc5 24. Nxc5 Nxc5 25. Qe3 b6 26. h3 Rc8
27. Bxc5 Qxc5 28. Qxc5 Rxc5 29. Rd8 Rc8 30. Rxc8 Rxc8 31. Rd7 Kg8 32. Rxa7 Kf8
33. Rb7 Rc6 34. Kf2 e5 35. fxe5 fxe5 36. Ke3 Rg6 37. g4 Rh6 38. Ke4 Rxh3
39. Kxe5 Rh2 40. Rxb6 Rxa2 41. c5 Rc2 42. b4 Rc4 43. c6 Ke7 44. Rb7+ Kd8 45. b5
Rxg4 46. Kd6 Rg6+ 47. Kc5 Kc8 48. Kb6 h5 49. Rf7 1-0

[Event "Pohar mesta Ricany 2010 - cena Klidneho mesta"]
[Site "http://www.openricany.cz"]
[Date "2010.08.27"]
[Round "8.5"]
[White "Vesecky, Martin"]
[Black "Haba, Zdenek"]
[Result "1/2-1/2"]
[WhiteElo "2026"]
[BlackElo "2252"]

1. e4 c5 2. Nf3 d6 3. d4 cxd4 4. Nxd4 Nf6 5. Nc3 g6 6. Be3 Bg7 7. f3 O-O 8. Qd2
Nc6 9. O-O-O Nxd4 10. Bxd4 Be6 11. g4 Qa5 12. Kb1 Rfc8 13. a3 Rab8 14. Bxf6 Bxf6
15. Nd5 Qxd2 16. Nxf6+ Kg7 17. Rxd2 Kxf6 18. Be2 Ke5 19. Kc1 Rc5 20. Rhd1 Rbc8
21. c3 Kf4 22. Rd4 a5 23. Kd2 b6 24. Re1 Re5 25. Bd1 Rh8 26. a4 h5 27. h3 hxg4
28. hxg4 Rh2+ 29. Be2 Rc5 30. b4 Rc4 31. bxa5 bxa5 32. Kd3 Rxd4+ 33. cxd4 Bb3
34. Ra1 d5 35. exd5 Bxd5 36. Rc1 Bb7 37. Bd1 Bxf3 38. Bxf3 Kxf3 39. Rc7 Re2
40. g5 Re3+ 41. Kc4 Kf4 42. Rc5 f5 43. gxf6 exf6 44. Rxa5 g5 45. d5 g4 46. d6
Re8 47. Rd5 g3 48. a5 g2 49. Rd1 Kf3 50. a6 f5 51. Kc5 f4 52. d7 Rd8 53. Kc6 Ke2
54. Ra1 f3 55. Kc7 Rg8 56. a7 f2 57. a8=Q Rxa8 58. Rxa8 g1=Q 59. Re8+ Kf3
60. Rf8+ 1/2-1/2

[Event "Pohar mesta Ricany 2010 - cena Klidneho mesta"]
[Site "http://www.openricany.cz"]
[Date "2010.08.27"]
[Round "8.44"]
[White "Forman, Miroslav"]
[Black "Losan, Rudolf"]
[Result "1-0"]
[WhiteElo "1891"]
[BlackElo "1780"]

1. g4 d5 2. Bg2 c6 3. g5 h6 4. h4 hxg5 5. hxg5 Rxh1 6. Bxh1 e5 7. d3 Bd6 8. c4
dxc4 9. dxc4 Bb4+ 10. Bd2 Be7 11. Qc2 Bxg5 12. Qh7 Kf8 13. Nf3 Bxd2+ 14. Nbxd2
Qf6 15. Ne4 Qh6 16. Qxh6 Nxh6 17. Nxe5 Nd7 18. Nd3 Ng4 19. O-O-O f5 20. Ng3 Nde5
21. Nxe5 Nxe5 22. Rd8+ Ke7 23. Rg8 Kf7 24. Rd8 Ke7 25. Rh8 g6 26. b3 Nf7 27. Rg8
Kf6 28. f4 Nh6 29. Rd8 Nf7 30. Rf8 Kg7 31. Re8 Nd6 32. Re7+ Kf6 33. Rc7 Rb8
34. Rh7 Nf7 35. e4 Be6 36. e5+ Ke7 37. Rg7 Rh8 38. Rxg6 Rh4 39. Kd2 Rxf4 40. Ke3
Rg4 41. Rxg4 fxg4 42. Kf4 a5 43. a4 Kd7 44. Ne4 Kc7 45. Nc5 Bc8 46. e6 Nd6
47. Ke5 b6 48. Nd3 Ne8 49. Nf4 g3 50. Bg2 Ng7 51. Kf6 Ne8+ 52. Ke7 Nd6 53. Bh3
Ne4 54. Bf5 Nd6 55. Bg6 Bb7 56. Bd3 c5 57. Bf1 Nf5+ 58. Kf6 Nd6 59. Nd5+ Bxd5
60. cxd5 Kd8 61. e7+ Ke8 62. Ke6 c4 63. Kxd6 cxb3 64. Ke6 1-0

[Event "Pohar mesta Ricany 2010 - cena Klidneho mesta"]
[Site "http://www.openricany.cz"]
[Date "2010.08.27"]
[Round "8.45"]
[White "Havlicek, Pavel"]
[Black "Eisner, Oldrich"]
[Result "1/2-1/2"]
[WhiteElo "1810"]
[BlackElo "1824"]

1. e4 c5 2. Nf3 Nc6 3. d4 cxd4 4. Nxd4 g6 5. Be3 Nf6 6. Nc3 Bg7 7. Nf3 O-O
8. h3 d6 9. Bd3 a6 10. Qd2 Re8 11. Bh6 Bh8 12. O-O b5 1/2-1/2

[Event "Pohar mesta Ricany 2010 - cena Klidneho mesta"]
[Site "http://www.openricany.cz"]
[Date "2010.08.27"]
[Round "8.32"]
[White "Sochorova, Jana"]
[Black "Soltys, Roman"]
[Result "1-0"]
[WhiteElo "1919"]
[BlackElo "1659"]

1. Nf3 d5 2. b3 Nf6 3. Bb2 e6 4. e3 Be7 5. Ne5 c5 6. f4 Nc6 7. Bb5 Bd7 8. Bxc6
bxc6 9. O-O O-O 10. d3 Qc7 11. Nd2 Rad8 12. g4 Ne8 13. g5 f6 14. Nxd7 Rxd7
15. h4 f5 16. Nf3 d4 17. Ne5 Rd8 18. Qf3 dxe3 19. Nxc6 Bd6 20. Nxd8 e2 21. Nxe6
exf1=Q+ 22. Rxf1 Qb6 23. Nxf8 Kxf8 24. Qd5 g6 25. Be5 Qc7 26. Re1 Qb6 27. Bxd6+
Nxd6 28. Re6 c4+ 29. d4 1-0

[Event "Pohar mesta Ricany 2010 - cena Klidneho mesta"]
[Site "http://www.openricany.cz"]
[Date "2010.08.27"]
[Round "8.7"]
[White "Rehorek, Martin"]
[Black "Ruzicka, Vaclav jun."]
[Result "1-0"]
[WhiteElo "2280"]
[BlackElo "2057"]

1. e4 c5 2. Nf3 d6 3. d4 cxd4 4. Nxd4 Nf6 5. Nc3 g6 6. Be3 Bg7 7. f3 Nc6 8. Qd2
O-O 9. O-O-O d5 10. Qe1 e5 11. Nxc6 bxc6 12. exd5 Nxd5 13. Bc4 Be6 14. Bc5 Re8
15. Ne4 Qc7 16. g4 Nf6 17. Bxe6 Nxe4 18. Rd7 Qc8 19. Bxf7+ Kh8 20. Bxe8 Nxc5
21. Rxg7 Kxg7 22. Qxe5+ Kg8 23. Bxg6 1-0

[Event "Pohar mesta Ricany 2010 - cena Klidneho mesta"]
[Site "http://www.openricany.cz"]
[Date "2010.08.27"]
[Round "8.31"]
[White "Hatas, Radim"]
[Black "Ries, Vilem"]
[Result "0-1"]
[WhiteElo "1742"]
[BlackElo "1940"]

1. e4 e5 2. Nc3 Nc6 3. Bc4 Nf6 4. d3 Bb4 5. a3 Bxc3+ 6. bxc3 d5 7. exd5 Nxd5
8. Qf3 Be6 9. Ne2 Qd7 10. O-O O-O-O 11. h3 g5 12. Bxd5 Bxd5 13. Qf6 Rhg8 14. Ng3
Rg6 15. Qf5 Be6 16. Qe4 f5 17. Qe2 Qe7 18. a4 g4 19. hxg4 Rxg4 20. Nh5 Rdg8
21. g3 Qf7 22. f3 Rh4 23. g4 Qxh5 0-1

[Event "Pohar mesta Ricany 2010 - cena Klidneho mesta"]
[Site "http://www.openricany.cz"]
[Date "2010.08.27"]
[Round "8.42"]
[White "Kubesa, David"]
[Black "Adamik, Frantisek"]
[Result "0-1"]
[WhiteElo "1534"]
[BlackElo "1898"]

1. d4 c5 2. Nf3 cxd4 3. Nxd4 e5 4. Nf3 d6 5. Nc3 f5 6. e4 f4 7. Bc4 g5 8. Qd5
Nh6 9. h4 g4 10. Ng5 Qe7 11. Bb5+ Nd7 12. Ne6 a6 13. Nc7+ Kd8 14. Ne6+ Ke8
15. Ba4 Rb8 16. Nc7+ Kd8 17. Qd3 Nc5 18. Qc4 Qxc7 19. Nd5 Qa5+ 20. b4 Qxa4
21. Nb6 Qb5 22. Qxb5 axb5 23. bxc5 Be6 24. Bb2 Nf7 25. O-O-O Kc7 26. Nd5+ Kc6
27. cxd6 Bxd6 0-1

[Event "Pohar mesta Ricany 2010 - cena Klidneho mesta"]
[Site "http://www.openricany.cz"]
[Date "2010.08.27"]
[Round "8.36"]
[White "Martin, Vorisek"]
[Black "Jarmila, Vorackova"]
[Result "1/2-1/2"]
[WhiteElo "1899"]
[BlackElo "1932"]

1. e4 c6 2. d4 d5 3. Nc3 dxe4 4. Nxe4 Bf5 5. Ng3 Bg6 6. h4 h6 7. Nf3 Nd7 8. h5
Bh7 9. Bd3 Bxd3 10. Qxd3 Ngf6 11. Bd2 e6 12. O-O-O Qc7 13. Kb1 Bd6 14. Ne4 Nxe4
15. Qxe4 Nf6 16. Qe2 O-O-O 17. c4 c5 18. Bc3 Rhe8 19. Ne5 cxd4 20. Bxd4 Bxe5
21. Bxe5 Qa5 22. Bxf6 Qf5+ 23. Kc1 Qxf6 24. g4 Rxd1+ 25. Rxd1 Rd8 26. Rxd8+ Kxd8
27. Qe3 b6 1/2-1/2

[Event "Pohar mesta Ricany 2010 - cena Klidneho mesta"]
[Site "http://www.openricany.cz"]
[Date "2010.08.27"]
[Round "8.15"]
[White "Postupa, Pavel jun."]
[Black "Framberk, Jan"]
[Result "1-0"]
[WhiteElo "2149"]
[BlackElo "2004"]

1. e4 c5 2. Nf3 Nc6 3. d4 cxd4 4. Nxd4 Nf6 5. Nc3 e5 6. Ndb5 d6 7. Bg5 a6
8. Na3 b5 9. Bxf6 gxf6 10. Nd5 Bg7 11. c3 f5 12. exf5 Bxf5 13. Nc2 Ne7 14. Bd3
Be6 15. Nxe7 Qxe7 16. Be4 Rd8 17. Bd5 O-O 18. O-O a5 19. Qd3 Rb8 20. Rad1 f5
21. a3 Rf6 22. Ne3 e4 23. Bxe6+ Qxe6 24. Qd5 f4 25. Qxe6+ Rxe6 26. Nd5 Be5
27. Rfe1 b4 28. axb4 axb4 29. Rxe4 bxc3 30. bxc3 Rf8 31. Rde1 Rh6 32. c4 Rh4
33. c5 Kh8 34. c6 Rg4 35. c7 Rg7 36. Rc4 Rc8 37. Rb1 f3 38. g3 Rf7 39. Rb8 Rff8
40. Rxc8 Rxc8 41. Ne7 d5 42. Nxc8 dxc4 43. Nd6 1-0

[Event "Pohar mesta Ricany 2010 - cena Klidneho mesta"]
[Site "http://www.openricany.cz"]
[Date "2010.08.27"]
[Round "8.23"]
[White "Ruzicka, Vaclav st."]
[Black "Postupa, Pavel st."]
[Result "0-1"]
[WhiteElo "1682"]
[BlackElo "2072"]

1. c4 e5 2. Nc3 g6 3. g3 Nc6 4. Bg2 Bg7 5. e4 d6 6. d3 Nge7 7. Nge2 Nd4 8. O-O
Nec6 9. Nxd4 Nxd4 10. Ne2 Ne6 11. b4 a5 12. b5 Nc5 13. a4 Be6 14. Ra2 Bg4 15. f3
Be6 16. f4 Qd7 17. fxe5 dxe5 18. Bg5 Bg4 19. Be3 Ne6 20. h3 Bxe2 21. Rxe2 Rd8
22. Rd2 Bf8 23. Qf3 Bc5 24. Bxc5 Nxc5 25. Qf6 Qd4+ 26. Kh2 O-O 27. Rf5 Rd6
28. Qg5 h6 29. Qg4 Kh7 30. Rf1 Qe3 31. Rdf2 f6 32. h4 h5 33. Qh3 Qxd3 34. Rf3
Qxc4 35. g4 Qe6 36. Qg3 Qxg4 37. Qxg4 hxg4 38. Rc3 b6 39. Kg3 f5 40. exf5 gxf5
41. Rfc1 Rd2 42. Kh2 f4 43. Kg1 f3 44. Rf1 Rxg2+ 0-1

[Event "Pohar mesta Ricany 2010 - cena Klidneho mesta"]
[Site "http://www.openricany.cz"]
[Date "2010.08.27"]
[Round "8.34"]
[White "Lexa, Vaclav"]
[Black "Skalicky, Tomas"]
[Result "1/2-1/2"]
[WhiteElo "1909"]
[BlackElo "1809"]

1. d4 Nf6 2. c4 e6 3. Nc3 d5 4. Nf3 c6 5. e3 Nbd7 6. Bd3 dxc4 7. Bxc4 b5 8. Bd3
Bb7 9. O-O a6 10. Qe2 c5 11. Rd1 c4 12. Bc2 b4 13. Nb1 Qc7 14. Nbd2 Nb6 15. b3
c3 16. Nf1 Be4 17. Ng3 Bxc2 18. Qxc2 Be7 19. e4 O-O 20. h3 Nbd7 21. Bg5 h6
22. Be3 a5 23. Rd3 Qb7 24. Rdd1 1/2-1/2

[Event "Pohar mesta Ricany 2010 - cena Klidneho mesta"]
[Site "http://www.openricany.cz"]
[Date "2010.08.27"]
[Round "8.12"]
[White "Postupa, Martin"]
[Black "Umanec, Filip"]
[Result "0-1"]
[WhiteElo "2018"]
[BlackElo "2225"]

1. e4 d6 2. Nc3 Nf6 3. g3 e5 4. Bg2 Be7 5. Nge2 c6 6. d3 b5 7. a3 Nbd7 8. O-O
a5 9. d4 Bb7 10. f4 b4 11. Nb1 O-O 12. h3 exd4 13. Nxd4 c5 14. Nf5 Bxe4 15. Bxe4
Nxe4 16. Re1 Ndf6 17. Nd2 d5 18. Nxe4 dxe4 19. Qxd8 Bxd8 20. axb4 cxb4 21. Be3
g6 22. Nh6+ Kg7 23. Bc5 Re8 24. Ng4 Nxg4 25. hxg4 Bf6 26. Bb6 Ra6 27. Bc5 Bxb2
28. Rab1 Bc3 29. Re2 f5 30. gxf5 gxf5 31. Rd1 Rf6 32. Bd4 Bxd4+ 33. Rxd4 Ra8
34. g4 Rg6 35. Rd7+ Kg8 36. g5 h6 37. Rd5 hxg5 38. Rxf5 gxf4+ 39. Kf2 Re6
40. Rxf4 Rf8 41. Rxf8+ Kxf8 42. Ke3 a4 43. Re1 Rc6 44. Rb1 Rc4 45. Ra1 a3
46. Kd2 e3+ 47. Kd1 Ke7 48. Rb1 Kd6 49. c3 a2 50. Ra1 b3 51. Kc1 Rxc3+ 52. Kb2
Rd3 53. Re1 e2 54. Rxe2 Rd1 55. Kxb3 a1=Q 0-1

[Event "Pohar mesta Ricany 2010 - cena Klidneho mesta"]
[Site "http://www.openricany.cz"]
[Date "2010.08.27"]
[Round "8.4"]
[White "Vojta, Tomas"]
[Black "Sedy, Pavel"]
[Result "1-0"]
[WhiteElo "2380"]
[BlackElo "2156"]

1. e4 c5 2. f4 Nf6 3. Nc3 d5 4. exd5 Nxd5 5. Nf3 Nxc3 6. bxc3 Nc6 7. Bc4 e6
8. O-O Bd6 9. d3 Qf6 10. Qe1 O-O 11. Ng5 Na5 12. Bb3 c4 13. Bxc4 Nxc4 14. Qe4
Qg6 15. Qxc4 e5 16. Ne4 Bh3 17. Ng3 exf4 18. Bxf4 Be6 19. Qb5 Bxf4 20. Rxf4 Rac8
21. c4 b6 22. Re1 Rc5 23. Qb2 h6 24. Ne4 Ra5 25. Re3 Qh5 26. Rg3 Qe5 27. Qxe5
Rxe5 28. d4 Ra5 29. d5 Bc8 30. a3 f5 31. Nd6 Bd7 32. Re3 g5 33. Rd4 f4 34. Re7
Bg4 35. Nb7 Rxa3 36. h3 f3 37. gxf3 Bxf3 38. Re1 Rc3 39. Rc1 h5 40. Nd6 Be2
41. Re4 Bf3 42. Re5 a5 43. Rxg5+ Kh8 44. Re1 Rxc2 45. Nf5 Rxc4 46. Re6 Rf7
47. d6 Rc1+ 48. Kf2 Bc6 49. Rxh5+ Rh7 50. d7 Bxd7 51. Rxh7+ Kxh7 52. Re7+ Kg6
53. Nh4+ Kg5 54. Nf3+ Kf4 55. Rxd7 Rc2+ 56. Nd2 a4 57. Ke2 a3 58. Rd4+ Ke5
59. Ra4 Rc3 60. h4 Kf5 61. Nf3 Kg6 62. Rb4 Rc2+ 63. Kd3 a2 64. Rxb6+ Kh5 65. Ra6
Rb2 66. Ra4 Rb3+ 67. Ke2 Rb2+ 68. Ke3 Rg2 69. Ra8 Rb2 70. Kf4 Rg2 71. Ra5+ Kg6
72. Ne5+ Kh5 73. Nf3+ Kg6 74. Nd4 Rd2 75. Ke3 Rh2 76. Nf3 Rb2 77. Ne5+ Kh7
78. Ra6 Rh2 79. Ra7+ Kg8 80. Nf3 Rb2 81. Kf4 Rb4+ 82. Kf5 Rb5+ 83. Ne5 Rb4
84. Ng4 Rb2 85. h5 Kh8 86. Kg6 Rb6+ 87. Nf6 Ra6 88. Rh7# 1-0

[Event "Pohar mesta Ricany 2010 - cena Klidneho mesta"]
[Site "http://www.openricany.cz"]
[Date "2010.08.27"]
[Round "8.20"]
[White "Vavrinec, Tomas"]
[Black "Cap, Adam"]
[Result "1-0"]
[WhiteElo "2030"]
[BlackElo "1693"]

1. c4 Nf6 2. Nc3 g6 3. g3 Bg7 4. Bg2 O-O 5. Nf3 d6 6. O-O e5 7. d3 Nc6 8. Rb1
a5 9. a3 Nh5 10. b4 axb4 11. axb4 f5 12. Bd2 h6 13. b5 Nd4 14. Ne1 Nf6 15. e3
Ne6 16. Nc2 g5 17. Nd5 g4 18. Qe2 Ng5 19. Ra1 Rb8 20. Ncb4 e4 21. Ra7 Nf3+
22. Kh1 Qe8 23. Nf4 Nh5 24. Bxf3 gxf3 25. Qd1 Be5 26. Nbd5 Nxf4 27. exf4 Bd4
28. Ra2 c6 29. Nc3 Be6 30. Ra4 Qf7 31. Be1 Bxc3 32. Bxc3 cxb5 33. Ra7 bxc4
34. dxe4 fxe4 35. Qd4 Kh7 36. Qxe4+ Qf5 37. Qd4 Rf7 38. Qxd6 Rbf8 39. Re1 Qh3
40. Rg1 Rg8 41. Qd1 Rd7 42. Qb1+ Bf5 43. Qc1 Rgd8 44. Qe3 Rd1 45. Rxb7+ R8d7
46. Qxf3 Rxg1+ 47. Kxg1 Kg6 48. Qc6+ Kh5 49. Rxd7 Bxd7 50. Qd5+ Qf5 51. Qxf5+
Bxf5 52. Kg2 Be4+ 53. f3 Bd3 54. f5 Kg5 55. f6 Bg6 56. h4+ Kf5 57. g4+ Ke6
58. f4 Kd5 59. Kf3 h5 60. f5 Bf7 61. g5 Kd6 62. Kf4 Bd5 63. g6 1-0

[Event "Pohar mesta Ricany 2010 - cena Klidneho mesta"]
[Site "http://www.openricany.cz"]
[Date "2010.08.27"]
[Round "8.27"]
[White "Starek, Stanislav"]
[Black "Boucek, Vlastimil"]
[Result "0-1"]
[WhiteElo "1872"]
[BlackElo "2038"]

1. c4 e5 2. Nc3 Nc6 3. g3 g6 4. Bg2 Bg7 5. e3 f5 6. Nge2 d6 7. O-O Be6 8. Qb3
Qc8 9. d3 Nge7 10. Qc2 O-O 11. Nd5 Rf7 12. b3 Nd8 13. f4 c6 14. Nxe7+ Rxe7
15. Bb2 Qd7 16. Rab1 Bf7 17. Ba1 Be6 18. e4 c5 19. a3 Nc6 20. b4 Nd4 21. Bxd4
exd4 22. b5 b6 23. Rfd1 fxe4 24. dxe4 Bh3 25. Nc1 Bxg2 26. Kxg2 Re6 27. Nb3 Rae8
28. Nd2 Qe7 29. Qd3 Rd8 30. Nf3 Bf6 31. Re1 Re8 32. Nd2 Qb7 33. Kf2 Ra8 (
33... Rb8 34. a4 Ra8 35. Qf3 a6 36. e5 Qxf3+ 37. Nxf3 dxe5 38. fxe5 Bg7 39. Ra1
axb5 40. axb5 Rae8 41. Ra6 h6 42. Re4 g5 43. g4 Kh7 44. h3 Kg6 45. h4 gxh4
46. Nxh4+ Kh7 47. Nf3 Bf6 48. Rf4 Be7 49. Ra7 Kg6 50. Rf5 Rh8 51. Rxe7 Rxe7
52. Rf6+ Kg7 53. Rxb6 Ra8 54. Rc6 Ra2+ 55. Kg3 Ra3 56. e6 Kf6 57. Rxc5 Rxe6
58. Rd5 d3 59. Kf4 Re2 60. b6 Rb3 61. b7 Re8 62. Nd2 Rxb7 63. Rxd3 Rbe7 64. Rd6+
Kg7 65. c5 Rf8+ 66. Kg3 Re3+ 67. Kg2 Rf4 68. c6 Rxg4+ 69. Kf2 Rc3 70. Nb1 Rc5)
0-1

[Event "Pohar mesta Ricany 2010 - cena Klidneho mesta"]
[Site "http://www.openricany.cz"]
[Date "2010.08.27"]
[Round "8.29"]
[White "Rut Vojtech"]
[Black "Sargsjan Karen"]
[Result "0-1"]
[WhiteElo "1872"]
[BlackElo "1841"]

1. e4 c5 2. Nf3 e6 3. b3 d6 4. Bb2 Nc6 5. d4 cxd4 6. Nxd4 Nf6 7. Nd2 a6 8. c4
Be7 9. Rc1 O-O 10. Bd3 Qb6 11. Nxc6 Qxc6 12. O-O e5 13. h3 Nd7 14. g4 a5 15. Ba3
Nc5 16. Bxc5 Qxc5 17. Qc2 Bg5 18. Ra1 h5 19. Be2 hxg4 20. Bxg4 g6 21. Bxc8 Raxc8
22. Kh2 Kg7 23. Nf3 {Dale necitelne!} 0-1

[Event "Pohar mesta Ricany 2010 - cena Klidneho mesta"]
[Site "http://www.openricany.cz"]
[Date "2010.08.27"]
[Round "8.19"]
[White "Hulin Petr"]
[Black "Mejzr Jan"]
[Result "1/2-1/2"]
[WhiteElo "2037"]
[BlackElo "1863"]

1. d4 Nf6 2. c4 g6 3. Nc3 d5 4. Nf3 Bg7 5. Bf4 a6 6. Rc1 c6 7. Qb3 dxc4 8. Qxc4
Nbd7 9. e4 Nb6 10. Qd3 O-O 11. Be2 Be6 12. b3 h6 13. Qd2 Kh7 14. h4 Rh8 15. Ne5
Kg8 16. Qe3 a5 17. f3 h5 18. Bc4 Nfd7 19. Bxe6 Bxe5 20. dxe5 fxe6 21. Kf2 Nf8
22. Rhf1 Nbd7 23. Rfd1 Qe8 24. Qd4 Rd8 25. Rd2 c5 26. Qc4 1/2-1/2

[Event "Pohar mesta Ricany 2010 - cena Klidneho mesta"]
[Site "http://www.openricany.cz"]
[Date "2010.08.27"]
[Round "8.6"]
[White "Vybiral Zdenek"]
[Black "Drabek Vojtech"]
[Result "0-1"]
[WhiteElo "2232"]
[BlackElo "2128"]

1. d4 Nf6 2. c4 e6 3. Nc3 Bb4 4. f3 d5 5. a3 Bxc3+ 6. bxc3 c5 7. cxd5 exd5
8. e3 Bf5 9. Ne2 Nbd7 10. Ra2 h5 11. Ng3 Bg6 12. Bd3 Bxd3 13. Qxd3 Qc7 14. O-O
cxd4 15. cxd4 Rc8 16. Rd2 h4 17. Nh1 Qc3 18. Nf2 Qxd3 19. Rxd3 Nb6 20. e4 Rc2
21. Re1 dxe4 22. fxe4 Kd7 23. Bg5 Ne8 24. d5 f6 25. Be3 Nc8 26. Bd4 Rh5 27. Ng4
b6 28. Ne3 Ra2 29. h3 Ncd6 30. Ng4 Nf7 31. e5 fxe5 32. Bxe5 Rf5 33. Bd4 Nf6
34. Bxf6 gxf6 35. d6 Ne5 36. Rd5 Nf3+ 37. gxf3 Rxd5 38. Nxf6+ Kxd6 39. Nxd5 Kxd5
40. Re4 Rxa3 41. Rxh4 Rxf3 42. Kg2 Rc3 43. Rh7 a5 44. Rb7 Kc5 45. h4 b5 46. h5
Kb4 47. h6 Rc6 48. h7 Rh6 49. Kg3 a4 50. Ra7 Kb3 51. Kg4 b4 52. Kg5 Rh1 0-1

[Event "Pohar mesta Ricany 2010 - cena Klidneho mesta"]
[Site "http://www.openricany.cz"]
[Date "2010.08.27"]
[Round "8.21"]
[White "Suchomel,Ales"]
[Black "Prochazka,Petr"]
[Result "1-0"]
[WhiteElo "1926"]
[BlackElo "1987"]

1. Nf3 Nc6 2. d4 d5 3. e3 Bg4 4. c4 e5 5. cxd5 Qxd5 6. Nc3 Bb4 7. Be2 e4 8. Nd2
Bxe2 9. Nxd5 Bxd1 10. Kxd1 O-O-O 11. Nxb4 Nxb4 12. Nxe4 f5 13. Ng5 Nh6 14. a3
Nc6 15. Bd2 f4 16. Ne6 fxe3 17. Nxd8 exd2 18. Nxc6 bxc6 19. Kxd2 Rd8 20. Kc3 Ng4
21. f3 Ne3 22. Rhg1 Nd5+ 23. Kb3 Nf4 24. Rad1 Ne2 25. Rge1 Nxd4+ 26. Kc4 1-0

[Event "Pohar mesta Ricany 2010 - cena Klidneho mesta"]
[Site "http://www.openricany.cz"]
[Date "2010.08.27"]
[Round "8.18"]
[White "Mrna.Vladimir"]
[Black "Paukert.Jan"]
[Result "0-1"]
[WhiteElo "2043"]
[BlackElo "1928"]

1. Nf3 d5 2. c4 d4 3. b4 g6 4. e3 e5 5. exd4 exd4 6. a3 Bg7 7. d3 Ne7 8. g3 b6
9. Bg2 Bb7 10. O-O O-O 11. Bf4 Nd7 12. Re1 Re8 13. Ra2 Nf8 14. Rae2 Ne6 15. Rxe6
fxe6 16. Ng5 Bxg2 17. Nxe6 Qd7 18. Nxc7 Bb7 0-1